Політична економія (Запис № 325788)

МАРК-запис
000 -LEADER
fixed length control field 00772nam a22002417a 4500
001 - CONTROL NUMBER
control field 39646
003 - CONTROL NUMBER IDENTIFIER
control field UA-OsUOA
005 - DATE AND TIME OF LATEST TRANSACTION
control field 20200504154702.0
007 - PHYSICAL DESCRIPTION FIXED FIELD--GENERAL INFORMATION
fixed length control field ta
008 - FIXED-LENGTH DATA ELEMENTS--GENERAL INFORMATION
fixed length control field 20060623b un ||||| |||| 00| 0 ukr d
020 ## - INTERNATIONAL STANDARD BOOK NUMBER
International Standard Book Number 966-8252-25-3
040 ## - CATALOGING SOURCE
Original cataloging agency UA-OsUOA
Language of cataloging ukr
Transcribing agency UA-OsUOA
Modifying agency UA-OsUOA
041 ## - LANGUAGE CODE
Language code of text/sound track or separate title ukr
080 ## - UNIVERSAL DECIMAL CLASSIFICATION NUMBER
Universal Decimal Classification number 330.10(075)
090 ## - LOCALLY ASSIGNED LC-TYPE CALL NUMBER (OCLC); LOCAL CALL NUMBER (OCLC)
Classification number (OCLC) (R) ; Classification number, CALL (RLIN) (NR) 330.10(075)
Local cutter number (OCLC) ; Book number/undivided call number, CALL (RLIN) П49
245 ## - TITLE STATEMENT
Title Політична економія
Remainder of title навчальний посібник
Statement of responsibility, etc О. С. Степура, О. С. Єремєєв,, Т. Ю. Пономарьова
260 ## - PUBLICATION, DISTRIBUTION, ETC. (IMPRINT)
Place of publication, distribution, etc К.
Name of publisher, distributor, etc Кондор
Date of publication, distribution, etc 2006
300 ## - PHYSICAL DESCRIPTION
Extent 408 с.
650 #7 - SUBJECT ADDED ENTRY--TOPICAL TERM
Topical term or geographic name as entry element 330 Економіка взагалі
Source of heading or term UDC
942 ## - ADDED ENTRY ELEMENTS (KOHA)
Koha item type Книги
Source of classification or shelving scheme Universal Decimal Classification
955 ## - COPY-LEVEL INFORMATION (RLIN)
Classification number, CCAL (RLIN) Навчальні видання
Фонди
Withdrawn status Lost status Source of classification or shelving scheme Damaged status Not for loan Home library Current library Date acquired Source of acquisition Cost, normal purchase price Inventory number Total Checkouts Full call number Barcode Date last seen Price effective from Koha item type Date checked out Checked out
    Universal Decimal Classification     АБ - Абонемент НБ АБ - Абонемент НБ 22/07/2016 30/2016 40.00 151690 1 330.10(075) П49 151690 03/12/2021 23/06/2006 Книги 18/07/2019  
    Universal Decimal Classification     ЧЗ - Читальна зала ЧЗ - Читальна зала 17/01/2008 5/2008 42.00 110252   330.10(075) П49 110252 07/02/2022 23/06/2006 Книги    
    Universal Decimal Classification     ЧЗ - Читальна зала ЧЗ - Читальна зала 17/01/2008 5/2008 42.00 110253   330.10(075) П49 110253 07/02/2022 23/06/2006 Книги    
    Universal Decimal Classification     ЧЗ - Читальна зала ЧЗ - Читальна зала 23/06/2006 64/2006 40.00 97048   330.10(075) П49 97048 03/12/2021 23/06/2006 Книги    
Withdrawn   Universal Decimal Classification     ЧЗ - Читальна зала ЧЗ - Читальна зала 23/06/2006 64/2006 40.00 97049   330.10(075) П49 97049 13/07/2019 23/06/2006 Книги    
    Universal Decimal Classification     ЧЗ - Читальна зала ЧЗ - Читальна зала 23/06/2006 64/2006 40.00 97050   330.10(075) П49 97050 03/12/2021 23/06/2006 Книги    
    Universal Decimal Classification     ЧЗ - Читальна зала ЧЗ - Читальна зала 23/06/2006 64/2006 40.00 97051   330.10(075) П49 97051 07/02/2022 23/06/2006 Книги    
    Universal Decimal Classification     ЧЗ - Читальна зала ЧЗ - Читальна зала 23/06/2006 64/2006 40.00 97052   330.10(075) П49 97052 03/12/2021 23/06/2006 Книги    
    Universal Decimal Classification     ЧЗ - Читальна зала ЧЗ - Читальна зала 12/09/2006 89/2006 40.00 98349 1 330.101(075.8) П49 98349 26/07/2019 12/09/2006 Книги 26/07/2019 24/10/2019